Inventory management and production planning and scheduling
Salvato in:
| Autori principali: | , , |
|---|---|
| Natura: | Libro |
| Lingua: | inglese |
| Pubblicazione: |
Nueva York
John Wiley and Sons
1998
|
| Edizione: | 3a. ed |
| Soggetti: | |
| Tags: |
Aggiungi Tag
Nessun Tag, puoi essere il primo ad aggiungerne!!
|
MARC
| LEADER | 00000cam a2200000 a 4500 | ||
|---|---|---|---|
| 001 | UCC1417 | ||
| 003 | CL-VaPUC | ||
| 008 | 171025e19980000us |||||||||||||||||eng|d | ||
| 020 | |a 0471119474 | ||
| 082 | 0 | 4 | |a 658.787 |b SIL |2 21 |
| 100 | 0 | |a Silver, Edward A |e author |9 595499 | |
| 700 | 0 | |a Pyke, David F |e author |9 595500 | |
| 700 | 0 | |a Peterson, Rein |e author |9 595501 | |
| 245 | 1 | 0 | |a Inventory management and production planning and scheduling |
| 250 | |a 3a. ed | ||
| 300 | |a 754 p | ||
| 942 | |c BK | ||
| 945 | |d 20171025 21:08:00 |a dcastane | ||
| 260 | |a Nueva York |b John Wiley and Sons |c 1998 | ||
| 650 | 0 | |a Control de inventario |9 263777 | |
| 650 | 0 | |a Producción |x Planificación |9 260672 | |
| 650 | 0 | |a Inventarios |9 263681 | |
| 583 | |a last modification |c 20171025 21:08:00 |k Rodrigo Vera | ||
| 999 | |c 369932 |d 369930 | ||
| 952 | |0 0 |1 0 |3 erd |4 0 |6 658_787000000000000_SIL_1998 |7 0 |8 A |9 486113 |a BIBING |b BIBING |i 5432677 |l 2 |o 658.787 SIL 1998 |p 5432677 |r 2025-01-20 |s 2024-11-04 |w 2019-11-24 |y BK |z Catalogado en:20171025 |k EII | ||